| 000 | 01027cam a22002651 4500 | ||
|---|---|---|---|
| 001 | rc 01003327 | ||
| 003 | DLC | ||
| 005 | 20260227111909.0 | ||
| 007 | cr_||||||||||| | ||
| 008 | 750626s1874 xx 000 0 eng | ||
| 010 | _arc 01003327 | ||
| 035 | _a(OCoLC)1412998 | ||
| 040 |
_aDLC _cOAU _dDLC |
||
| 042 | _apremarc | ||
| 050 | 0 | 0 |
_aF104.W8 _b06 |
| 100 | 1 |
_aOrcutt, Samuel, _d1824-1893. |
|
| 245 | 1 | 0 |
_aHistory of the town of Wolcott (Connecticut) from 1731 to 1874, _bwith an account of the centenary meeting, September 10th and 11th, 1873; and with the genealogies of the families of the town. _cBy Rev. Samual Orcutt. |
| 260 |
_aWaterbury, Conn., _bPress of the American printing company, _c1874. |
||
| 300 |
_axxiii, 608 p. _c23 cm. |
||
| 500 | _a"Genealogies": 428-608. | ||
| 530 | _aAlso available in digital form on the Internet Archive Web site. | ||
| 651 | 0 |
_aWolcott (Conn. : Town) _xHistory. |
|
| 651 | 0 |
_aWolcott (Conn. : Town) _xGenealogy. |
|
| 856 | 4 | 1 | _uhttp://hdl.loc.gov/loc.gdc/scd0001.00141122344 |
| 999 |
_c52546 _d52546 |
||